• 首页
  • 本馆介绍
  • 公告通知
  • 最新文献
  • 馆藏检索
  • 电子资源
  • 读者导购
  • 参考咨询
  • 我的图书馆
  • 登录
  • 详细信息显示
  • 放入我的书架
  • 预约/预借图书
  • 作者相关作品
  • 分类相关作品
  • 丛书相关作品
  • 出版社相关作品

书目信息

  • 表格格式
  • 工作单格式
  • 卡片格式
题名:
数据库原理
    
 
作者: 丁宝康 主编
分册:  
出版信息: 北京   经济科学出版社  2000.03
页数: 235页
开本: 26cm
丛书名:
单 册:
中图分类: TP311.131
科图分类:
主题词: 软件
电子资源:
ISBN: 7-5058-2063-X
000 00779nam0 2200229 450
001 0732441640
005 20071215090152.91
010    @a7-5058-2063-X@dCNY20.40
100    @a20071215d2000 km y0chiy0120 ea
101 0  @achi
102    @aCN@b110000
200 1  @a数据库原理@Ashu ju ku yuan li@e附:数据库原理自学考试大纲@f丁宝康主编@Fding bao kang zhu bian
210    @a北京@c经济科学出版社@d2000.03
215    @a235页@d26cm
300    @a全国高等教育自学考试指定教材 计算机及应用专业(独立本科段)
517 1  @a附:数据库原理自学考试大纲@Afu:shu ju ku yuan li zi xue kao shi da gang
606 0  @a软件
690    @aTP311.131@v4
701  0 @a丁宝康@Ading bao kang@4主编
801  0 @aCN@b大连网信软件有限公司图书馆@c20071215
905    @aBZT@dTP311.131@e2
906    @dCNY20.40@n0@r1
    
    数据库原理:附:数据库原理自学考试大纲/丁宝康主编.-北京:经济科学出版社,2000.03
    235页;26cm
    全国高等教育自学考试指定教材 计算机及应用专业(独立本科段)
    
    ISBN 7-5058-2063-X:CNY20.40
    
●
相关链接 在五车中查询图书 在当当中查询图书 在豆瓣中查询图书


正题名:数据库原理     索取号:TP311.131/2         预约/预借

序号 登录号 条形码 馆藏地/架位号 状态 备注
1 599344   2000599344   中心书库中库/ 中库028架A面2列3层14/ [索取号:TP311.131/2] 在馆    
2 599345   2000599345   中心书库中库/ 中库028架A面2列3层13/ [索取号:TP311.131/2] 在馆    
3 599346   2000599346   中心书库中库/ 中库028架A面2列3层17/ [索取号:TP311.131/2] 在馆    
4 599347   2000599347   中心书库中库/ 中库028架A面2列3层16/ [索取号:TP311.131/2] 在馆    
5 599348   2000599348   中心书库中库/ 中库028架A面2列3层18/ [索取号:TP311.131/2] 在馆    
6 599349   2000599349   中心书库中库/ 中库028架A面2列3层15/ [索取号:TP311.131/2] 在馆    
7 599350   2000599350   中心书库中库/ 中库028架A面2列3层11/ [索取号:TP311.131/2] 在馆    
8 599351   2000599351   中心书库中库/ 中库028架A面2列3层45/ [索取号:TP311.131/2] 在馆    
9 599352   2000599352   中心书库中库/ 中库028架A面2列4层5/ [索取号:TP311.131/2] 在馆    
10 599353   2000599353   中心书库中库/ 中库028架A面2列3层12/ [索取号:TP311.131/2] 在馆    
山东省滨州职业学院图书馆 欢迎您!
大连网信软件有限公司© 版权所有